000 01156nam a2200301 i 4500
001 42451
003 ES-MaACL
005 20250811052458.0
007 t|
008 030328m19671968sp |||| | spa d
080 _a342.53(46)"18"
080 _a946"18"(094)
110 1 _aEspaña.
_bCortes de Cádiz
_93663
245 1 0 _aCortes de Cádiz /
_cestudio preliminar y notas de Federico Suárez.
260 _a[Pamplona] :
_bUniversidad de Navarra,
_c1967-1968.
300 _a2 v. ;
_c23 cm.
490 1 _aColección histórica de la Universidad de Navarra ;
_v18
500 _aÍndice.
505 8 _aContiene: ;
_tInformes oficiales sobre Cortes. Baleares (318 p.) - ;
_tInformes oficiales sobre Cortes. Valencia y Aragón (340 p.)
594 _aPrecede al tít.: Seminario de Historia Moderna.
610 1 4 _aEspaña.
_bCortes de Cádiz
_93663
651 4 _aEspaña-
_xHistoria-
_yS.XIX-
_vFuentes.
_98355
700 1 _aSuárez, Federico.
_9108558
710 2 _aUniversidad de Navarra.
_97252
830 0 _aColección histórica de la Universidad de Navarra ;
_v18
_9184560
852 _aES-MaACL
_jP-1244
999 _c42451
_d42451